III. pilier sociálneho poistenia - postavenie a úlohy podnikateľa
Právny štandard doplnkového dôchodkového sporenia - zákon č. 650/2004 Z. z. o doplnkovom dôchodkovom sporení. Podstatné pojmy systému doplnkového dôchodkového sporenia. Právne povinnosti podnikateľa/zamestnávateľa v rámci doplnkového dôchodkového sporenia. Právna povinnosť zamestnávateľa uzatvoriť z...
Guardado en:
| Autor principal: | |
|---|---|
| Formato: | Capítulo de libro |
| Lenguaje: | eslovaco |
| Materias: | |
| Etiquetas: |
Sin Etiquetas, Sea el primero en etiquetar este registro!
|
MARC
| LEADER | 00000naa a2200000 4500 | ||
|---|---|---|---|
| 001 | 0238037 | ||
| 005 | 20171211111313.6 | ||
| 041 | 0 | |a slo | |
| 044 | |a SK | ||
| 245 | 1 | 0 | |a III. pilier sociálneho poistenia - postavenie a úlohy podnikateľa |c Ladislav Hrtánek |
| 520 | |a Právny štandard doplnkového dôchodkového sporenia - zákon č. 650/2004 Z. z. o doplnkovom dôchodkovom sporení. Podstatné pojmy systému doplnkového dôchodkového sporenia. Právne povinnosti podnikateľa/zamestnávateľa v rámci doplnkového dôchodkového sporenia. Právna povinnosť zamestnávateľa uzatvoriť zamestnávateľskú zmluvu. | ||
| 610 | 2 | 0 | |a sporenie dôchodkové doplnkové |
| 610 | 2 | 0 | |a legislatíva |
| 610 | 2 | 0 | |a podnikatelia |
| 610 | 2 | 0 | |a zamestnávatelia |
| 610 | 2 | 0 | |a zamestnanci |
| 610 | 2 | 0 | |a zmluvy |
| 610 | 2 | 0 | |a poistné |
| 100 | 1 | |a Hrtánek, Ladislav | |